| 000 | 00782cam a2200253 a 4500 | ||
|---|---|---|---|
| 001 | 000007932 | ||
| 005 | 20200929154345.0 | ||
| 008 | 900420s1993 sp 001 f spa | ||
| 020 | _a8433917854 | ||
| 035 | _a(DLC) 90870910 | ||
| 040 |
_aDO-SdBNP _bspa _cDLC _dBNPHU |
||
| 082 |
_a863.64 _bC335q, 1993 |
||
| 100 | 1 |
_aCasariego, Martín, _q(Martín Casariego Córdoba), _d1962- _921732 |
|
| 245 | 1 | 0 |
_aQué te voy a contar / _cMartín Casariego. |
| 250 | _a3a ed. | ||
| 260 |
_aBarcelona : _bAnagrama, _c1993. |
||
| 300 |
_a247 p. ; _c20 cm. |
||
| 490 | 1 |
_aNarrativas hispánicas _v85 |
|
| 650 | 4 |
_aNovela española _91123 |
|
| 650 | 4 |
_aLiteratura española _ySIGLO XX _93326 |
|
| 830 | 0 |
_aNarrativas hispánicas ; _v85 _921236 |
|
| 910 | _aCatalogación derivada | ||
| 049 | _aBNGR | ||
| 999 |
_c7710 _d7710 |
||